| 000 | 00559nam a2200181Ia 4500 | ||
|---|---|---|---|
| 001 | 10714 | ||
| 003 | GE_BSU | ||
| 008 | 181216s||||||||xx |||||||||||||| ||und|| | ||
| 040 | _cGE_BSU | ||
| 245 | _aВестник московского университета. География. Серия5. №4. 2013 | ||
| 245 | _cГл.ред.Касимов Н.С. | ||
| 260 | _aМосква | ||
| 260 | _c2013 | ||
| 300 | _a96стр.29см. | ||
| 653 | _aВестник московского университета | ||
| 653 | _aГеография. | ||
| 942 | _cCR | ||
| 999 |
_c43965 _d43965 |
||